Blueprint for UK construction skills 2008 to 2012 (Record no. 107954)

MARC details
000 -LEADER
fixed length control field 01473cad a22002295a 4500
001 - CONTROL NUMBER
control field L142750
008 - FIXED-LENGTH DATA ELEMENTS--GENERAL INFORMATION
fixed length control field 080305s2008 xxk f 000 0 eng d
035 ## - SYSTEM CONTROL NUMBER
System control number (Sirsi) u142750
041 0# - LANGUAGE CODE
Language code of text/sound track or separate title eng
050 04 - LIBRARY OF CONGRESS CALL NUMBER
Classification number 338.4569 $2 18
110 2# - MAIN ENTRY--CORPORATE NAME
Corporate name or jurisdiction name as entry element Construction Skills Network
9 (RLIN) 5136
245 00 - TITLE STATEMENT
Title Blueprint for UK construction skills 2008 to 2012
Medium [electronic resource]
260 ## - PUBLICATION, DISTRIBUTION, ETC.
Place of publication, distribution, etc. [S.l.]
Name of publisher, distributor, etc. CITB-ConstructionSkills
Date of publication, distribution, etc. 2008
520 ## - SUMMARY, ETC.
Summary, etc. Forecasts construction output growth of 1.7% per annum over the period 2008-2012, compared to the 2.6% average annual growth predicted for 2007-2011. While the Olympic bid and other high profile construction projects will continue to generate work from 2008, there is likely to be a peak in activity in 2011, followed by a year of little or no growth in 2012. Employment levels are also predicted to peak in 2011, with employment forecast to increase by 7% in total over the period. In real terms output growth across the construction industry by 2012 will have increased by a third since 2000. Compares the different construction sectors and provides forecasts for construction growth and employment prospects across the UK regions.
521 2# - TARGET AUDIENCE NOTE
Target audience note Advanced
590 ## - LOCAL NOTE (RLIN)
Local note KA
650 24 - SUBJECT ADDED ENTRY--TOPICAL TERM
Topical term or geographic name entry element OLYMPIC GAMES 2012
651 #4 - SUBJECT ADDED ENTRY--GEOGRAPHIC NAME
Geographic name United Kingdom
Chronological subdivision
690 ## - LOCAL SUBJECT ADDED ENTRY--TOPICAL TERM (OCLC, RLIN)
Topical term or geographic name as entry element BUILT ENVIRONMENT-CONSTRUCTION MARKET
856 40 - ELECTRONIC LOCATION AND ACCESS
Uniform Resource Identifier <a href="https://www.cskills.org/uploads/UK_LMI_tcm17-5665.pdf">https://www.cskills.org/uploads/UK_LMI_tcm17-5665.pdf</a>
Public note View the report free of charge at www.constructionskills.net
942 ## - ADDED ENTRY ELEMENTS (KOHA)
Suppress in OPAC 0
Holdings
Withdrawn status Lost status Source of classification or shelving scheme Damaged status Not for loan Home library Current library Shelving location Date acquired Total Checkouts Full call number Barcode Date last seen Copy number Price effective from Koha item type
    Dewey Decimal Classification     Virtual Virtual Online 05/03/2008   ONLINE PUBLICATION 142750-2001 06/08/2019 1 06/08/2019 Book